000
00183 a2200097 4500
020
_a
9780439121736
041
_a
spa
100
_a
Pipo Pescador
245
_a
Buenis Airesitos
942
_c
BK
999
_c
938
_d
938